| 000 | 01795nam a2200349 4500 | ||
|---|---|---|---|
| 001 | 330 | ||
| 003 | OSt | ||
| 005 | 20250528074018.0 | ||
| 008 | 250327b |||||||g |||| 00| 1 eng d | ||
| 040 | _bpor | ||
| 041 |
_hfre _apor |
||
| 082 |
_a843 _bZ86g |
||
| 100 | 1 |
_aZola, Émile, _d1840-1902 _9678 |
|
| 240 | _aGerminal | ||
| 245 |
_aGerminal / _cZola, Émile ; Tradução de Francisco Bittencourt |
||
| 260 |
_aSão Paulo _bAbril _c1972 |
||
| 300 | _a537 p. | ||
| 490 | 1 |
_aOs Imortais da Literatura Universal _vvol. 36 |
|
| 490 | 1 |
_aOs Rougon-Macquart _vvol. 13 |
|
| 520 | _aFundador e principal autor do naturalismo literário, Émile Zola levou a descrição realista a extremos de crueza, especialmente na denúncia das condições de trabalho da classe operária do século XIX. A estética naturalista do escritor, inspirada na filosofia positivista e na medicina da época, partia da convicção de que a conduta humana é determinada pela herança genética, pela filosofia das paixões e pelo ambiente. Germinal (1885) é universalmente considerada a obra-prima do autor. Foi a partir de Germinal - descrição das condições de vida sub-humanas numa comunidade de mineiros - , que Zola começou a destacar os elementos de opressão social como responsáveis pela paralisação moral da humanidade. Germinal é um romance poderoso escrito por um autor poderoso. | ||
| 650 | 0 |
_aLiteratura francesa _9122 |
|
| 650 | 0 |
_aNaturalismo _9679 |
|
| 650 | 0 |
_aHistórico _953 |
|
| 650 | 0 |
_aClássicos _977 |
|
| 650 | 0 |
_aCrítica social _9514 |
|
| 655 | 0 |
_aRomance _923 |
|
| 655 | 0 |
_aFicção _922 |
|
| 700 |
_aFrancisco Bittencourt _eTradução _9680 |
||
| 830 |
_aOs Imortais da Literatura Universal _9461 _vvol. 36 |
||
| 830 |
_aOs Rougon-Macquart _9681 _vvol. 13 |
||
| 942 |
_2ddc _n0 _cBK |
||
| 999 |
_c330 _d330 |
||